000 00306nam a2200121Ia 4500
008 190723s9999 xx 000 0 und d
020 _a978-969-407-458-0
100 _aA.S Nasir
245 0 _aDevelopment Challenges and Disparity
260 _aJamshoro
_bRoyal Book
_c2017
300 _a385.:p
942 _cBK
999 _c1668
_d1668